000 00228 a2200097 4500
001 37824
100 _aSun Q
245 _acomputer application in product Engineering
260 _aUK
_bChapman & Hall
_c
090 _c24016
_d24016
942 _aNUST-CAE
_cM
_c15577
999 _c272897
_d272897